| 000 | 00585nam a2200193Ia 4500 | ||
|---|---|---|---|
| 003 | OSt | ||
| 005 | 20240518113540.0 | ||
| 008 | 210210b2000 xxu||||| |||| 00| 0 eng d | ||
| 040 | _cAL | ||
| 041 | _aKannada | ||
| 082 | _a158.1K RAMA | ||
| 100 |
_aRAMESHA KEDILAYA (H). _dರಮೇಶ ಕೆದಿಲಾಯ (ಎಚ್) _9166073 |
||
| 245 |
_aAntaratmana arthashastra. _bಅಂತರಾತ್ಮನ ಅರ್ಥಶಾಸ್ತ್ರ |
||
| 260 |
_aPuttur. _bKarnataka Sangha., _c2000 |
||
| 300 | _a97 | ||
| 690 |
_aApplied Psychology _9166074 |
||
| 906 | _a058143 | ||
| 942 |
_2ddc _cBK |
||
| 999 |
_c105430 _d105430 |
||